Airliners of Qantas - Statistics

General Stats
  • This quiz has been taken 119 times
  • The average score is 4 of 6
Answer Stats
Answer % Correct
Airbus A380-800
99%
Airbus A330-200
84%
Airbus A330-300
84%
Boeing 737-800
67%
Boeing 787-9
65%
Airbus A321-200
40%
No matching quizzes found
Score Distribution
Percent of People with Each Score
Percentile by Number Answered
Your Score History
You have not taken this quiz